000 00742nam a2200217 i 4500
001 187039
003 SpMaBN
005 20230906222813.0
008 170404s1994 sp a |||| | spa d
020 _a84-7719-414-9
080 _a738.83.032.7
100 1 _aAmaré Tafalla, María Teresa.
_9143985
245 1 0 _aRepresentaciones arquitectónicas en lucernas romanas /
_cMaría Teresa Amaré Tafalla, Jesús Liz Guiral.
260 _aLeón :
_bUniversidad, Secretariado de Publicaciones,
_c1994.
300 _a132 p. :
_bil. ;
_c24 cm.
504 _aBibliografía: p. 127-132.
650 7 _aLámparas romanas.
_9162280
700 1 _aLiz Guiral, Jesús.
_9143984
710 2 _aUniversidad de León.
_97200
852 _aES-MaACL
_jL-31360
999 _c187039
_d187039